|
|
|
|
| LEADER |
00000cam a22000004a 4500 |
| 001 |
musev2_6791 |
| 003 |
MdBmJHUP |
| 005 |
20230905040805.0 |
| 006 |
m o d |
| 007 |
cr||||||||nn|n |
| 008 |
940112s1994 alu o 00 0 eng d |
| 010 |
|
|
|z 94001075
|
| 020 |
|
|
|a 9780817383572
|
| 020 |
|
|
|z 9780817307523
|
| 035 |
|
|
|a (OCoLC)44964277
|
| 040 |
|
|
|a MdBmJHUP
|c MdBmJHUP
|
| 050 |
0 |
4 |
|a PS3572.O5
|b Z55 1994
|
| 082 |
0 |
|
|a 813/.54
|2 20
|
| 100 |
1 |
|
|a Broer, Lawrence R.
|
| 245 |
1 |
0 |
|a Sanity Plea :
|b Schizophrenia in the Novels of Kurt Vonnegut /
|c Lawrence R. Broer.
|
| 250 |
|
|
|a Rev. ed.
|
| 264 |
|
1 |
|a Tuscaloosa, AL :
|b University of Alabama Press,
|c 1994.
|
| 264 |
|
3 |
|a Baltimore, Md. :
|b Project MUSE,
|c 2012
|
| 264 |
|
4 |
|c ©1994.
|
| 300 |
|
|
|a 1 online resource (257 pages).
|
| 336 |
|
|
|a text
|b txt
|2 rdacontent
|
| 337 |
|
|
|a computer
|b c
|2 rdamedia
|
| 338 |
|
|
|a online resource
|b cr
|2 rdacarrier
|
| 504 |
|
|
|a Includes bibliographical references (p. 202-229) and index.
|
| 588 |
|
|
|a Description based on print version record.
|
| 600 |
1 |
0 |
|a Vonnegut, Kurt
|x Knowledge
|x Psychology.
|
| 650 |
|
0 |
|a Schizophrenia in literature.
|
| 650 |
|
0 |
|a Mental illness in literature.
|
| 650 |
|
0 |
|a Psychological fiction, American
|x History and criticism.
|
| 655 |
|
7 |
|a Electronic books.
|2 local
|
| 710 |
2 |
|
|a Project Muse.
|e distributor
|
| 830 |
|
0 |
|a Book collections on Project MUSE.
|
| 856 |
4 |
0 |
|z Texto completo
|u https://projectmuse.uam.elogim.com/book/6791/
|
| 945 |
|
|
|a Project MUSE - Custom Collection
|
| 945 |
|
|
|a Project MUSE - Archive Complete Foundation
|
| 945 |
|
|
|a Project MUSE - Archive Literature Foundation
|